फ़तवे, उलेमा और उनकी दुनिया / (Record no. 63766)

MARC details
000 -LEADER
fixed length control field 00736nam a22001817a 4500
005 - DATE AND TIME OF LATEST TRANSACTION
control field 20120305131338.0
020 ## - INTERNATIONAL STANDARD BOOK NUMBER
Terms of availability 000.00
International Standard Book Number
035 ## - SYSTEM CONTROL NUMBER
System control number B-32741
037 ## - SOURCE OF ACQUISITION
Source of stock number/acquisition
Stock number dpl
082 ## - DEWEY DECIMAL CLASSIFICATION NUMBER
Classification number 270.6
100 ## - MAIN ENTRY--PERSONAL NAME
Personal name शौरी, अरूण
245 ## - TITLE STATEMENT
Title फ़तवे, उलेमा और उनकी दुनिया /
Statement of responsibility, etc अरूण शौरी
260 ## - PUBLICATION, DISTRIBUTION, ETC. (IMPRINT)
Place of publication, distribution, etc नई दिल्ली
Name of publisher, distributor, etc वाणी प्रकाशन
Date of publication, distribution, etc 2001
270 ## - ADDRESS
Address
City
Postal code
Telephone number
300 ## - PHYSICAL DESCRIPTION
Extent 613पृ.
Dimensions 22सेमी (सजिल्द)
942 ## - ADDED ENTRY ELEMENTS (KOHA)
Institution code [OBSOLETE] dpl
Item type Hindi Books
Call number prefix
Source of classification or shelving scheme Dewey Decimal Classification
Classification part 270.6
Call number suffix शौरीअ
Holdings
Withdrawn status Lost status Not for loan Collection code Home library Current library Date acquired Full call number Barcode Koha item type
      Non-fiction Sarojini Nagar Sarojini Nagar 05/03/2012 270.6 शौरीअ B-32741 Hindi Books

© Delhi Public Library
Hit Counter
free hit counter